| 000 | 00758nam a2200217 i 4500 | ||
|---|---|---|---|
| 003 | IT-RoINE | ||
| 005 | 20220608132549.0 | ||
| 008 | 930725s1956 sp 0 spa d | ||
| 040 |
_aSpMaBN _cA2 IT-RoINE _dIT-RoINE |
||
| 100 | 1 |
_aMenéndez y Pelayo, Marcelino, _d1856-1912 _94649 |
|
| 245 | 1 | 0 |
_aDiscursos / _cMenéndez Pelayo ; prólogo, edición y notas de José María de Cossio. |
| 260 |
_aMadrid : _bEspasa-Calpe, _c1956. |
||
| 300 |
_aXXXVII, 181 p., 1 h. _c19 cm |
||
| 336 |
_2rdacontent _atext |
||
| 337 |
_2rdamedia _aunmediated |
||
| 338 |
_2rdacarrier _avolume |
||
| 490 | 1 |
_aClásicos castellanos ; _v140 |
|
| 700 | 1 |
_aCossío, José María de, _d1893-1977 _916641 |
|
| 830 | 0 |
_922520 _aClásicos castellanos (Espasa-Calpe) ; _v140 |
|
| 942 | _cMTS | ||
| 999 |
_c11008 _d11008 |
||